000 00536nam a2200217Ia 4500
003 OSt
005 20220926044622.0
006 a|||||r|||| 00| 0
007 ta
008 220923b |||||||| |||| 00| 0 eng d
037 _cGeneral Book
040 _aRTL
_cRTL
_beng
041 _2eng
_aeng
082 _aV52.N4, H6
100 _aGayre G R
_9349230
245 0 _aItaly in transition
260 _c1946
650 _aEurope History
_914786
942 _hV52.N4, H6
_cGB
_2CC
999 _c675334
_d675334